I Dare (Record no. 369849)

MARC details
000 -LEADER
fixed length control field 00423nam a2200169 4500
005 - DATE AND TIME OF LATEST TRANSACTION
control field 20260109164005.0
008 - FIXED-LENGTH DATA ELEMENTS--GENERAL INFORMATION
fixed length control field 260109b |||||||| |||| 00| 0 eng d
020 ## - INTERNATIONAL STANDARD BOOK NUMBER
International Standard Book Number 978-81-89988-54-8
041 ## - LANGUAGE CODE
Language code of text/sound track or separate title English
082 ## - DEWEY DECIMAL CLASSIFICATION NUMBER
Classification number X 923.2 BED
Item number B12164
100 ## - MAIN ENTRY--PERSONAL NAME
Author Bedi, Kiran
245 ## - TITLE STATEMENT
Title I Dare
260 ## - PUBLICATION, DISTRIBUTION, ETC.
Place of publication, distribution, etc. New Delhi
Name of publisher, distributor, etc. Hay House India
Date of publication, distribution, etc. 2025
300 ## - PHYSICAL DESCRIPTION
Extent xiv,390p.
Other physical details pb
365 ## - TRADE PRICE
Price type code Rupaye
Price amount 419
Currency code INR
942 ## - ADDED ENTRY ELEMENTS (KOHA)
Koha item type Books
Holdings
Withdrawn status Lost status Source of classification or shelving scheme Damaged status Not for loan Collection code Home library Current library Date acquired Vendor Net Price Bill number Total Checkouts Full call number Barcode Date last seen Date last checked out Actual Price Bill Date Koha item type Original Barcode
    Dewey Decimal Classification     Non-fiction Smt. Bakul Tambat Institute of Nursing Education Smt. Bakul Tambat Institute of Nursing Education 30/12/2025 Amazon(online) 171-8358551-1304361 419.00 BOM7-166115 1 X 923.2 BED B12164 BTIN-BK-12164 18/02/2026 16/02/2026 419.00 22/12/2025 Books BTIN-BK-12164